000 01926nam a2200565 i 4500
001 1719
003 KOSZ 005
005 20200423081402.0
008 991116s1981 pl a |000 0 pol
015 _aUWD 1982/240
020 _a8321330282
035 _a991011838799705066
035 _a(PL-WaBN)b13213763-48omnis_nlop
035 _ab13213763
035 _a(OCoLC)749994514
035 _a(PL)b0000001321376
035 _a(EXLNZ-48OMNIS_NETWORK)9910198348205606
040 _aWA N
_cWA N
_dKOSZ 005/AR
041 0 _apol
044 _apl
046 _k1981
080 _a662.6
080 _a662.9
080 _a662.76
080 _a621.18
080 _a(075.8)
100 1 _aZieleniewski, Ryszard
_eAutor
245 1 0 _aAparaty i urządzenia gazowe /
_cRyszard Zieleniewski, Krystyna Kozakiewicz.
250 _aWydanie 1.
260 _aWarszawa :
_b"Arkady",
_c1981.
300 _a312 stron :
_bilustracje ;
_c25 cm.
336 _aTekst
_btxt
_2rdacontent
337 _aBez urządzenia pośredniczącego
_bn
_2rdamedia
338 _aWolumin
_bnc
_2rdacarrier
380 _aKsiążki
380 _aPublikacje fachowe
388 _a1901-2000
388 _a1945-1989
500 _aNa okładce mylny inicjał imienia drugiej autorki : A.
504 _aWykaz norm i przepisów na stronach 298-301. Wykaz piśmiennictwa na stronach 309-311.
521 _aPodręcznik akademicki dla studentów wydziałów inżynierii sanitarnej, a także dla inżynierów pracujących w dziedzinie gazownictwa
650 7 _aGazownictwo
_2DBN
655 7 _aPodręczniki akademickie
_2DBN
658 _aInżynieria i technika
700 1 _aKozakiewicz, Krystyna
_eAutor
710 2 _aWydawnictwo Arkady
_4pbl
856 _uhttp://koha.tu.koszalin.pl/cgi-bin/koha/opac-detail.pl?biblionumber=1719
_yKatalog online BPK
942 _2UKD
_cKS
999 _c1719
_d1719